| 000 | 00729nam a2200241 a 4500 | ||
|---|---|---|---|
| 001 | 49534 | ||
| 003 | BD-RjUl | ||
| 005 | 20211209054706.0 | ||
| 008 | 160821s1968 nyua 001 0 eng | ||
| 035 | _a(BD-RjUl)49653 | ||
| 040 |
_aDLC _cDLC _dRCD _dBD-RjUl _beng |
||
| 041 | _aeng | ||
| 082 |
_223 _a361.6 _bCUS 1968 |
||
| 100 | 1 |
_aCumming, Elaine _9148593 |
|
| 245 | 1 | 0 |
_aSystems of social regulation / _cElaine Cumming |
| 260 |
_aNew York : _bAtherton Press, _c1968. |
||
| 300 |
_aviii, 324 p. : _bill ; _c23 cm. |
||
| 500 | _aindex | ||
| 650 | 0 |
_aPublic welfare _zNew York (State) _zSyracuse. _9148594 |
|
| 650 | 0 |
_aSocial control. _9148595 |
|
| 650 | 0 |
_aSocial service _zNew York (State) _zSyracuse. _9148596 |
|
| 942 |
_2ddc _cBK |
||
| 999 |
_c49534 _d49534 |
||